Invitación a meditar sobre el futuro de Costa Rica. Discurso inaugural del Lic. Daniel Oduber Quirós, Presidente de la República

Enregistré dans:
Détails bibliographiques
Auteur principal: Oduber Quirós, Daniel
Format: Texte
Publié: San José: OFIPLAN
Tags: Ajouter un tag
Pas de tags, Soyez le premier à ajouter un tag!

MARC

LEADER 00000 a a2200000 04500
001 17068
003
040
090 |a 008000  
100 |a Oduber Quirós, Daniel  
245 |a Invitación a meditar sobre el futuro de Costa Rica. Discurso inaugural del Lic. Daniel Oduber Quirós, Presidente de la República  
260 |a San José:   |b OFIPLAN  
300 |a 5 p.  
999 |c 15122  |d 15122